00726nam a2200193 a 450000100100000000500170001000800410002702000150006804000250008308200150010810000380012324501410016126000590030230000350036149000140039650000730041050400330048383000160051600004387920201002045025.0140508s1986 sp ab 000 0 spa d a8400063201 aDO-SdBNPbspacBNPHU axxxxbxxxx1 aMorales Valverde, Ramón,d1950-10aTaxonomía de los géneros Thymus (excluida la sección Serpyllum) y Thymbra en la Península Ibérica /cRamón Morales Valverde. aMadrid,aReal Jardín Botánico, C. S. L. C.,c1986. a324 p. :bil., mapas ;c25 cm.1 aRuiziav3 aIncluye referencias bibliográficas y notas al pie de las páginas aBibliografía: p. [313]-318 0aRuizia ;n3